[Event "Gelsenkirchen Silvester op 6th"]
[Site "Gelsenkirchen"]
[Date "2018.12.30"]
[Round "7"]
[White "Lazarev, Diana"]
[Black "Wingerning, Fynn"]
[Result "1/2-1/2"]
[WhiteElo "1096"]
[BlackElo "1131"]
[PlyCount "68"]
[EventDate "2018.12.27"]
[EventType "swiss"]
[EventRounds "7"]
[EventCountry "GER"]
[SourceTitle "CBM 188 Extra"]
[Source "ChessBase"]
[SourceDate "2019.02.26"]
[SourceVersion "1"]
[SourceVersionDate "2019.02.26"]
[SourceQuality "1"]

1. e4 e5 2. Nf3 Nc6 3. Nc3 Nf6 4. Be2 Bc5 5. 0-0 a6 6. d3 h6 7. Re1 d6 8. a3 Nh5 9. b4 Bb6 10. Nd5 Ba7 11. c3 Nf6 12. a4 b5 13. axb5 axb5 14. Be3 Bb7 15. Bxa7 Rxa7 16. Rxa7 Nxa7 17. c4 Nxd5 18. exd5 0-0 19. d4 exd4 20. Qxd4 Nc8 21. cxb5 Re8 22. g3 Qd7 23. Bd3 Rxe1+ 24. Nxe1 Ne7 25. Bc4 Qf5 26. g4 Qb1 27. Qd2 Nxd5 28. Bxd5 Bxd5 29. Qxd5 Qxe1+ 30. Kg2 Qxb4 31. Qc6 Qc5 32. Kf3 Kf8 33. Ke4 Qe5+ 34. Kd3 Qc5 1/2-1/2

[Event "Gelsenkirchen Silvester op 6th"]
[Site "Gelsenkirchen"]
[Date "2018.12.27"]
[Round "1"]
[White "Brock, Udo"]
[Black "Wingerning, Fynn"]
[Result "1-0"]
[WhiteElo "1784"]
[BlackElo "1131"]
[PlyCount "81"]
[EventDate "2018.12.27"]
[EventType "swiss"]
[EventRounds "7"]
[EventCountry "GER"]
[SourceTitle "CBM 188 Extra"]
[Source "ChessBase"]
[SourceDate "2019.02.26"]
[SourceVersion "1"]
[SourceVersionDate "2019.02.26"]
[SourceQuality "1"]

1. d4 d5 2. Nf3 Nf6 3. e3 Bf5 4. Bd3 Be4 5. c4 e6 6. 0-0 c6 7. Nc3 Bd6 8. Bxe4 dxe4 9. Nd2 Bc7 10. Ncxe4 0-0 11. Nxf6+ Qxf6 12. Nf3 Nd7 13. Qc2 e5 14. Qe4 c5 15. d5 Qe7 16. Qh4 Qd6 17. e4 Qg6 18. Re1 Ba5 19. Bd2 Bb4 20. a3 Bxd2 21. Nxd2 a6 22. Re3 Qh6 23. Qxh6 gxh6 24. Rf1 Kh8 25. Rh3 Rg8 26. Rxh6 Rg7 27. f3 Rag8 28. Rf2 Rg6 29. Rh3 Rb6 30. Nf1 Rb3 31. Rg3 Rg6 32. Rxg6 hxg6 33. Rc2 b5 34. Nd2 Rd3 35. Kf2 Rd4 36. cxb5 axb5 37. Nb3 Rd3 38. Nxc5 Nxc5 39. Rxc5 Rd2+ 40. Kg3 Rxb2 41. d6 1-0

[Event "Gelsenkirchen Silvester op 5th"]
[Site "Gelsenkirchen"]
[Date "2017.12.28"]
[Round "3"]
[White "Seppelfricke, Guido"]
[Black "Wingerning, Fynn"]
[Result "1-0"]
[WhiteElo "1790"]
[BlackElo "1181"]
[PlyCount "56"]
[EventDate "2017.12.27"]
[EventType "swiss"]
[EventRounds "5"]
[EventCountry "GER"]
[SourceTitle "CBM 182 Extra"]
[Source "ChessBase"]
[SourceDate "2018.02.23"]
[SourceVersion "1"]
[SourceVersionDate "2018.02.23"]
[SourceQuality "1"]

1. e4 e5 2. Nf3 Nc6 3. Bb5 a6 4. Bxc6 dxc6 5. 0-0 Bd6 6. d4 Bg4 7. dxe5 Bxf3 8. Qxf3 Bxe5 9. Nc3 Nf6 10. Bg5 Qd6 11. h3 0-0-0 12. Rad1 Qe6 13. Qe3 Kb8 14. a3 Qc4 15. Rd3 Rxd3 16. cxd3 Qd4 17. Qe2 h6 18. Be3 Qd6 19. Na4 Bd4 20. b4 Bxe3 21. Qxe3 c5 22. Nxc5 Rd8 23. e5 Nd5 24. exd6 Nxe3 25. dxc7+ Kxc7 26. fxe3 f6 27. Ne6+ Kc8 28. Nxd8 Kxd8 1-0

[Event "Gelsenkirchen Silvester op 5th"]
[Site "Gelsenkirchen"]
[Date "2017.12.27"]
[Round "2"]
[White "Wingerning, Fynn"]
[Black "Spreer, Lutz"]
[Result "1-0"]
[WhiteElo "1181"]
[BlackElo "1635"]
[PlyCount "147"]
[EventDate "2017.12.27"]
[EventType "swiss"]
[EventRounds "5"]
[EventCountry "GER"]
[SourceTitle "CBM 182 Extra"]
[Source "ChessBase"]
[SourceDate "2018.02.23"]
[SourceVersion "1"]
[SourceVersionDate "2018.02.23"]
[SourceQuality "1"]

1. e4 d5 2. exd5 Nf6 3. Nc3 Nxd5 4. Nxd5 Qxd5 5. Nf3 Nc6 6. Be2 e5 7. d3 Bc5 8. 0-0 0-0 9. Be3 Nd4 10. Nxd4 exd4 11. Bf3 Qe5 12. Bd2 f5 13. Re1 Qf6 14. Bd5+ Kh8 15. Bf4 c6 16. Be5 Qg6 17. Bf3 f4 18. Bh5 Qg5 19. Qf3 Rf5 20. Bc7 Bd7 21. Bg4 Rf7 22. Bxd7 Rxd7 23. Bxf4 Qg6 24. Qh3 Rf7 25. Bg3 Raf8 26. Re2 Rf5 27. Rae1 Bb4 28. c3 dxc3 29. a3 Bc5 30. bxc3 R5f6 31. d4 Bb6 32. Bh4 Rf4 33. Bg3 R4f6 34. Bh4 Rf4 35. Bg3 R4f6 36. Be5 Re6 37. Bxg7+ Qxg7 38. Rxe6 Bd8 39. Re8 Qf7 40. Rxf8+ Qxf8 41. Qe6 Bh4 42. Qe8 Bxf2+ 43. Kh1 Qxe8 44. Rxe8+ Kg7 45. Re7+ Kf6 46. Rxb7 Be1 47. Rc7 Ke6 48. Rxa7 Bxc3 49. a4 h6 50. a5 Bxd4 51. Rb7 c5 52. a6 c4 53. a7 Bxa7 54. Rxa7 Kd5 55. Kg1 c3 56. Rc7 Kd4 57. Kf1 c2 58. g4 Ke4 59. Rxc2 Kf3 60. Rc6 Kxg4 61. Rxh6 Kg5 62. Rh8 Kg6 63. h4 Kf6 64. Rg8 Kf7 65. Rg1 Kf6 66. h5 Ke5 67. h6 Ke4 68. h7 Kf3 69. h8R Ke4 70. Rh5 Kf4 71. Rg2 Kf3 72. Ra2 Kg3 73. Ra4 Kf3 74. Rh3# 1-0

[Event "Gelsenkirchen Silvester op 3rd"]
[Site "Gelsenkirchen"]
[Date "2015.12.28"]
[Round "4"]
[White "Wingerning, Fynn"]
[Black "Nikolaus, Michael"]
[Result "0-1"]
[WhiteElo "1078"]
[BlackElo "1591"]
[PlyCount "48"]
[EventDate "2015.12.27"]
[EventType "swiss"]
[EventRounds "5"]
[EventCountry "GER"]
[SourceTitle "EXT 2019"]
[Source "ChessBase"]
[SourceDate "2018.10.10"]
[SourceVersion "1"]
[SourceVersionDate "2018.10.10"]
[SourceQuality "1"]

1. e4 e5 2. Nf3 Nc6 3. Bb5 a6 4. Bxc6 dxc6 5. 0-0 Nf6 6. Nc3 Bd6 7. d3 0-0 8. Bg5 h6 9. Bh4 g5 10. Bxg5 hxg5 11. Nxg5 Nd5 12. Qh5 Nf6 13. Qh4 Kg7 14. Qg3 Kh6 15. Qe3 Kg6 16. Qg3 Nh5 17. Nxf7+ Nxg3 18. Nxd8 Nxf1 19. Rxf1 Rxd8 20. h3 Be6 21. Re1 Bb4 22. a3 Bc5 23. Na4 Ba7 24. b4 Rf8 0-1

[Event "Gelsenkirchen Silvester op 3rd"]
[Site "Gelsenkirchen"]
[Date "2015.12.27"]
[Round "2"]
[White "Wingerning, Fynn"]
[Black "Seppelfricke, Guido"]
[Result "0-1"]
[WhiteElo "1078"]
[BlackElo "1902"]
[PlyCount "72"]
[EventDate "2015.12.27"]
[EventType "swiss"]
[EventRounds "5"]
[EventCountry "GER"]
[SourceTitle "EXT 2019"]
[Source "ChessBase"]
[SourceDate "2018.10.10"]
[SourceVersion "1"]
[SourceVersionDate "2018.10.10"]
[SourceQuality "1"]

1. e4 d5 2. exd5 Qxd5 3. Nc3 Qa5 4. Nf3 Nf6 5. Be2 g6 6. 0-0 Bg7 7. d3 0-0 8. Bd2 c6 9. Ne4 Qc7 10. Nxf6+ Bxf6 11. Bc3 Bxc3 12. bxc3 Nd7 13. Qd2 Kg7 14. c4 Nf6 15. Qg5 h6 16. Qe3 Be6 17. Nd4 Bg4 18. Bxg4 Nxg4 19. Qh3 h5 20. g3 Rad8 21. c3 e5 22. Nf5+ gxf5 23. Qxh5 Kf6 24. Kg2 Rh8 25. Qxh8+ Rxh8 26. h3 Nh6 27. d4 e4 28. Rfe1 Rg8 29. Re3 f4 30. Rxe4 fxg3 31. f3 Nf5 32. Rae1 Rh8 33. c5 Nh4+ 34. Kh1 g2+ 35. Kg1 Nxf3+ 36. Kxg2 Nxe1+ 0-1

[Event "Gelsenkirchen Silvester op 2nd"]
[Site "Gelsenkirchen"]
[Date "2014.12.27"]
[Round "2"]
[White "Wingerning, Fynn"]
[Black "Otterpohl, Lars"]
[Result "0-1"]
[WhiteElo "990"]
[BlackElo "1866"]
[PlyCount "70"]
[EventDate "2014.12.27"]
[EventType "swiss"]
[EventRounds "5"]
[EventCountry "GER"]
[SourceTitle "EXT 2019"]
[Source "ChessBase"]
[SourceDate "2018.10.10"]
[SourceVersion "1"]
[SourceVersionDate "2018.10.10"]
[SourceQuality "1"]

1. e4 e5 2. Nf3 Nc6 3. Bb5 a6 4. Bxc6 dxc6 5. 0-0 Bg4 6. h3 Bh5 7. d3 f6 8. Nc3 Qd7 9. Be3 0-0-0 10. a3 Bd6 11. d4 exd4 12. Bxd4 Qf7 13. Re1 Be5 14. Qc1 Bxd4 15. Nxd4 Rxd4 16. Qe3 Qd7 17. Nd5 Rxe4 18. Qxe4 cxd5 19. Qd4 Kb8 20. Re2 Bxe2 21. Re1 Bh5 22. b4 Ne7 23. c4 Rd8 24. cxd5 Qxd5 25. Qe3 Nc6 26. g4 Bf7 27. h4 Re8 28. Qxe8+ Bxe8 29. Rxe8+ Ka7 30. a4 Qd1+ 31. Kg2 Qxg4+ 32. Kf1 Qxb4 33. Rc8 Qc4+ 34. Kg1 Qg4+ 35. Kf1 Qxc8 0-1